International double taxation of inheritance and gifts in Greece : Ath.D.Paroutsas

Αποθηκεύτηκε σε:
Λεπτομέρειες βιβλιογραφικής εγγραφής
Κύριος συγγραφέας: Παρούτσας, Αθανάσιος Δ.
Μορφή: Βιβλίο
Γλώσσα:English
Δημοσίευση: Athens : 1985
Θέματα:
Ετικέτες: Προσθήκη ετικέτας
Δεν υπάρχουν, Καταχωρήστε ετικέτα πρώτοι!

MARC

LEADER 00000nam a2200000 i 4500
001 1/64861
008 970321s1985 eng d
035 |l 10029514 
040 |a GR-MY-UA  |b gre  |e aacr 
041 0 |a eng 
082 0 |a 343.053 
100 1 |a Παρούτσας, Αθανάσιος Δ. 
245 1 0 |a International double taxation of inheritance and gifts in Greece :  |b Ath.D.Paroutsas 
260 |a Athens :   |c 1985 
300 |a 32 p. 
500 |a Peprinted from: LXXb Cahiers de droit fiscal international [1985] 379. (Edited by the International Fiscal Association) 
650 0 0 |a Taxation  |z Greece. 
650 0 0 |a Inheritance and succession. 
650 0 0 |a Gifts  |x Taxation  |z Greece. 
852 |a INST  |b CHIOS  |e 19970321  |h 343.053 PAR  |p 005200010653  |q 005200010653  |t BK  |y 0 
909 |a Χ  |b 048134